000 00515nam a2200253Ia 4500
008 181205s9999 xx 000 0 und d
020 _a9971-512-41-6
041 _aENGLISH
082 _a577.112.4 LEV
100 _aLevenspiel (Octave)
100 _eAUTHOR
245 0 _aChemical Reaction Engineering
250 _a3
260 _c0
300 _bPaper
300 _ePaper Pack
300 _gNO
365 _b0
365 _b334
365 _d1
504 _a22
942 _cBK
999 _c32419
_d32419